[Event "EU-chT (Men)"]
[Site "Debrecen"]
[Date "1992.??.??"]
[Round "1"]
[White "Lutz, Christopher"]
[Black "Almasi, Zoltan"]
[Result "1/2-1/2"]
[WhiteElo "2540"]
[BlackElo "2390"]

1.d4 Nf6 2.c4 g6 3.Nf3 Bg7 4.g3 O-O 5.Bg2 d6 6.O-O Nbd7 7.Qc2 e5 8.Rd1 Qe7
9.Nc3 c6 10.b3 exd4 11.Nxd4 Nc5 12.Bf4 Ne8 13.Qd2 f5 14.Rac1 Bd7 15.Qe3 Qxe3
16.Bxe3 Rf7 17.b4 Ne6 18.Nxe6 Bxe6 19.Nb1 a5 20.a3 axb4 21.axb4 Bb2 22.Rc2 Be5
23.f4 Bg7 24.Nd2 Re7 25.Nf1 Ra4 26.Rb1 Nf6 27.Bd4 Bf7 28.h3 Ne4 29.Bxg7 Kxg7
30.g4 Ra3 31.Bf3 g5 32.gxf5 gxf4 33.Rd1 d5 34.cxd5 Bxd5 35.b5 Nc3 36.bxc6 Bxf3
37.Rd7 Bxc6 38.Rxe7+ Kf6 39.Rxh7 Ne4 40.h4 Ra1 41.Kg2 Kxf5 42.Nh2 Nf6+ 43.Rxc6 bxc6
44.Rc7 Ra2 45.Kf1 Ra1+ 46.Kg2  1/2-1/2

[Event "EU-chT (Men)"]
[Site "Debrecen"]
[Date "1992.??.??"]
[Round "4"]
[White "Almasi, Zoltan"]
[Black "Ostenstad, Berge"]
[Result "0-1"]
[WhiteElo "2390"]
[BlackElo "2455"]

1.e4 e6 2.d4 d5 3.Nc3 Bb4 4.e5 c5 5.a3 Bxc3+ 6.bxc3 Ne7 7.Nf3 Qa5 8.Bd2 Nbc6
9.a4 Bd7 10.Bb5 c4 11.O-O h6 12.Qe1 O-O-O 13.Bc1 g5 14.Ba3 Nf5 15.h3 Rdg8
16.Bxc6 Bxc6 17.g4 Ng7 18.Bb4 Qd8 19.Qc1 f5 20.exf6 Qxf6 21.Ne5 h5 22.f3 Be8
23.Bd6 Qf4 24.Qxf4 gxf4 25.Kh2 Rh7 26.Rh1 hxg4 27.fxg4 Nf5 28.Ba3 Ng3 29.Kg2 Nxh1
30.Rxh1 Bxa4 31.h4 Bxc2 32.Rh2 Bd1 33.g5 a5 34.Bc1 b5 35.Bxf4 b4 36.Kg3 b3
37.Bc1 Bh5 38.Ba3 Rb7 39.Rf2 a4 40.Ng4 Bg6 41.Nf6 Rh8 42.h5 Bxh5 43.Rh2 e5
44.dxe5 d4 45.Ne4 dxc3 46.Nxc3 Rf7 47.Nxa4 Rf3+ 48.Kg2 Rd3 49.Rh3  0-1

[Event "EU-chT (Men)"]
[Site "Debrecen"]
[Date "1992.??.??"]
[Round "7"]
[White "Vandevoort, Pascal"]
[Black "Almasi, Zoltan"]
[Result "0-1"]
[WhiteElo "2250"]
[BlackElo "2390"]

1.c4 Nf6 2.g3 g6 3.Bg2 Bg7 4.Nc3 O-O 5.d3 d6 6.e4 c5 7.Nge2 Nc6 8.O-O a6
9.h3 Bd7 10.b3 Qc8 11.Kh2 b5 12.Rb1 Rb8 13.Bb2 e5 14.Qd2 h5 15.f4 Qd8 16.Nd5 Nxd5
17.cxd5 Nd4 18.Nxd4 cxd4 19.Ba3 Be8 20.Bb4 h4 21.f5 hxg3+ 22.Kxg3 Kh7 23.Qe2 Rc8
24.h4 a5 25.Be1 Bd7 26.Bh3 b4 27.Kh2 Bf6 28.Qg4 Kg7 29.Rb2 Rh8 30.Rg2 Rc1
31.h5 g5 32.Rfg1 Kh6 33.Qe2 Rg8 34.Qd2 Qc7 35.Bh4 Rxg1 36.Rxg1 Qc3 37.Qe2 Bb5
38.Bf1 Qc1 39.Be1 Bxd3 40.Qg2 Qf4+ 41.Bg3 Qxe4 42.Bxd3 Qxd3 43.Rc1 g4 44.Rc6 Rg5  0-1

[Event "EU-chT (Men)"]
[Site "Debrecen"]
[Date "1992.??.??"]
[Round "9"]
[White "Almasi, Zoltan"]
[Black "Sokolovs, Andrei"]
[Result "1-0"]
[WhiteElo "2390"]
[BlackElo "2565"]

1.e4 e6 2.d4 d5 3.Nc3 Bb4 4.e5 Ne7 5.a3 Bxc3+ 6.bxc3 b6 7.Qg4 Kf8 8.Nh3 Ba6
9.Bxa6 Nxa6 10.Qe2 Nb8 11.a4 Nbc6 12.O-O Na5 13.Nf4 g6 14.Nd3 Ng8 15.Qg4 h5
16.Qg3 h4 17.Qf3 Nc4 18.g4 Kg7 19.Qh3 Rh7 20.f4 Ne7 21.f5 exf5 22.Bg5 fxg4
23.Qxg4 Kg8 24.Nb4 Rh5 25.Rf6 Qc8 26.e6 Nd6 27.Raf1 Kh8 28.Rxf7 Ng8 29.Nxd5 Nxf7
30.Rxf7  1-0

[Event "Wch U16"]
[Site "Duisburg"]
[Date "1992.??.??"]
[Round "3"]
[White "Proehl, Holger"]
[Black "Almasi, Zoltan"]
[Result "0-1"]
[WhiteElo "2320"]
[BlackElo "2470"]

1.e4 e5 2.Nf3 Nc6 3.c3 d5 4.Bb5 dxe4 5.Nxe5 Qd5 6.Qa4 Ne7 7.f4 Bd7 8.Nxd7 Kxd7
9.Na3 a6 10.Be2 Rd8 11.O-O Nf5 12.b4 Bxb4 13.Bg4 Bc5+ 14.Kh1 h5 15.Bh3 g6
16.Re1 Rhe8 17.Rb1 Rb8 18.Nc2 b5 19.Qb3 Qxb3 20.axb3 Re6 21.Bb2 Rbe8 22.Ba3 Bxa3
23.Nxa3 Nce7 24.Nc2 c5 25.Re2 Kc7 26.g3 Nc8 27.Rbe1 Ncd6 28.Ra1 Kb6 29.Ne3 Ra8
30.Rae1 a5 31.Kg1 a4 32.b4 a3 33.Nc2 Ra4 34.Ra1 cxb4 35.Nxb4 Nc4 36.Ra2 Kc5
37.Nc2 Rd6 38.Na1 Nb2 39.Nb3+ Kc4 40.Nc1 e3 41.Bf1 exd2 42.Rxd2+ Kxc3 43.Rf2 Nd4
44.Ra1 Raa6 45.Kg2 Kb4 46.Na2+ Kc5 47.Rc1+ Kb6 48.Rd2 Ra7 49.Re1 Rc7 50.Re3 Rc2
51.Rxc2 Nxc2 52.Rb3 Rd5 53.Kh3 Rc5 54.Bg2 Ka5 55.Be4 Ka4 56.Rf3 b4 57.g4 hxg4+
58.Kxg4 f5+  0-1

[Event "Wch U16"]
[Site "Duisburg"]
[Date "1992.??.??"]
[Round "4"]
[White "Almasi, Zoltan"]
[Black "Schwartzman, Gabriel"]
[Result "1/2-1/2"]
[WhiteElo "2470"]
[BlackElo "2340"]

1.e4 e5 2.Nf3 Nf6 3.Nxe5 d6 4.Nf3 Nxe4 5.d4 d5 6.Bd3 Nc6 7.O-O Bg4 8.Re1 Be7
9.Bxe4 dxe4 10.Rxe4 Bxf3 11.Qxf3 Nxd4 12.Qd3 Ne6 13.Qe2 O-O 14.Nc3 Bf6 15.Qc4  1/2-1/2

[Event "Wch U16"]
[Site "Duisburg"]
[Date "1992.??.??"]
[Round "9"]
[White "Svidler, Peter"]
[Black "Almasi, Zoltan"]
[Result "1-0"]
[WhiteElo "2455"]
[BlackElo "2470"]

1.e4 e5 2.Nf3 Nc6 3.Bc4 Bc5 4.c3 Nf6 5.d3 d6 6.Nbd2 a6 7.Bb3 O-O 8.O-O Ba7
9.h3 h6 10.Nc4 Be6 11.a4 b5 12.Ne3 d5 13.exd5 Nxd5 14.Ng4 Qd6 15.Re1 Rfe8
16.Nh4 h5 17.Nh2 g6 18.N2f3 b4 19.Qc2 Na5 20.Bc4 b3 21.Qd2 Nxc4 22.dxc4 Nf4
23.Nxe5 g5 24.Qxd6 Nxh3+ 25.gxh3 cxd6 26.Bxg5 dxe5 27.Rxe5 Bxc4 28.Rae1 Re6
29.Be7 Kh7 30.Rxh5+ Rh6 31.Rxh6+ Kxh6 32.Nf5+ Kg6 33.Nd6 Be6 34.Re5 Bb8 35.Rg5+ Kh7
36.Rh5+ Kg6 37.Rg5+ Kh7 38.Rh5+ Kg6 39.Rh8 Bxd6 40.Rxa8 Bxe7 41.Rxa6 Kf5
42.Ra7 Bf6 43.Rb7 Ke4 44.a5 Kd3 45.a6 Kc2 46.a7 Bd5 47.a8=Q  1-0

[Event "Wch U16"]
[Site "Duisburg"]
[Date "1992.??.??"]
[Round "10"]
[White "Almasi, Zoltan"]
[Black "Fridman, Daniel"]
[Result "0-1"]
[WhiteElo "2470"]
[BlackElo "2390"]

1.e4 d6 2.d4 Nf6 3.Nc3 g6 4.f4 Bg7 5.Nf3 O-O 6.Bd3 Na6 7.O-O c5 8.d5 Rb8
9.e5 Ne8 10.e6 fxe6 11.dxe6 Nac7 12.Ng5 Bd4+ 13.Kh1 Ng7 14.f5 gxf5 15.Bxf5 Nxf5
16.Nf7 Qe8 17.Rxf5 Bxe6 18.Nh6+ Kh8 19.Rxf8+ Qxf8 20.Bg5 Qg7 21.Qh5 Rf8 22.Ne4 Bd5
23.c3 Bxe4 24.cxd4 Ne6  0-1

[Event "HUN-ch"]
[Site "?"]
[Date "1992.??.??"]
[Round "2"]
[White "Almasi, Zoltan"]
[Black "Csom, Istvan"]
[Result "1-0"]
[WhiteElo "2470"]
[BlackElo "2540"]

1.e4 c6 2.d4 g6 3.Nc3 Bg7 4.Bc4 d6 5.Qf3 e6 6.Nge2 Nd7 7.Bb3 Qe7 8.O-O e5
9.Bg5 Ngf6 10.Rad1 h6 11.Bh4 g5 12.Bg3 Nf8 13.Qe3 Ng6 14.f3 Nh5 15.Bf2 Nhf4
16.dxe5 Bxe5 17.Nd4 Qf6 18.Nf5 Kf8 19.Kh1 Bxf5 20.exf5 Qxf5 21.g3 Qh3 22.Rg1 Nh5
23.Ne2 d5 24.c4 d4 25.Nxd4 Re8 26.Qd3 Ng7 27.c5 h5 28.Qf1 Qxf1 29.Rgxf1 h4
30.Kg2 hxg3 31.hxg3 Rd8 32.Be3 Bf6 33.Rfe1 Ne7 34.Nc2 Rxd1 35.Rxd1 Ke8 36.Na3 Ngf5
37.Bf2 Bxb2 38.Nc4 Bc3 39.g4 Nh4+ 40.Bxh4 gxh4 41.Nd6+ Kf8 42.Nxf7 h3+ 43.Kg3 Rh7
44.Ng5 Rh6 45.Rd8+ Kg7 46.Ne6+ Kg6 47.Rf8 Rh8 48.Bc2+ Kh6 49.Rf7 Nd5 50.Kxh3 Bd2
51.f4  1-0

[Event "HUN-ch"]
[Site "?"]
[Date "1992.??.??"]
[Round "3"]
[White "Chernin, Alexander"]
[Black "Almasi, Zoltan"]
[Result "1/2-1/2"]
[WhiteElo "2600"]
[BlackElo "2470"]

1.d4 Nf6 2.c4 e6 3.Nf3 b6 4.g3 Bb7 5.Bg2 Be7 6.Nc3 Ne4 7.Bd2 f5 8.d5 O-O
9.Nd4 Bf6 10.e3 Nd6 11.b3 c5 12.dxc6 Nxc6 13.Nxc6 Bxc6 14.O-O Qc7 15.Rc1 Qb7
16.Bxc6 dxc6 17.Qe2 c5 18.Rfd1 Nf7 19.f4 Rad8 20.Be1 Nd6  1/2-1/2

[Event "HUN-ch"]
[Site "?"]
[Date "1992.??.??"]
[Round "6"]
[White "Szekely, Peter"]
[Black "Almasi, Zoltan"]
[Result "1/2-1/2"]
[WhiteElo "2435"]
[BlackElo "2470"]

1.Nf3 c5 2.c4 b6 3.b3 Bb7 4.Bb2 Nc6 5.e3 Nf6 6.Nc3 e6 7.Be2 Be7 8.O-O O-O
9.d4 cxd4 10.Nxd4 Nxd4 11.Qxd4 Bc5  1/2-1/2

[Event "HUN-ch"]
[Site "?"]
[Date "1992.??.??"]
[Round "8"]
[White "Horvath, Csaba"]
[Black "Almasi, Zoltan"]
[Result "1/2-1/2"]
[WhiteElo "2515"]
[BlackElo "2470"]

1.g3 Nf6 2.Bg2 d5 3.Nf3 c6 4.O-O Bf5 5.d3 Nbd7 6.Nh4 Bg6 7.Nxg6 hxg6 8.c4 dxc4
9.dxc4 e6 10.Nd2 Qb6 11.Qc2 a5 12.e3 a4 13.Rb1 Qa5 14.Nf3 Qf5 15.Nd4 Qxc2
16.Nxc2 Bd6 17.b4 axb3 18.axb3 Ke7 19.Bb2  1/2-1/2

[Event "HUN-ch"]
[Site "?"]
[Date "1992.??.??"]
[Round "11"]
[White "Almasi, Zoltan"]
[Black "Kallai, Gabor"]
[Result "1-0"]
[WhiteElo "2470"]
[BlackElo "2455"]

1.e4 c6 2.d4 d5 3.Nc3 dxe4 4.Nxe4 Nd7 5.Ng5 Ngf6 6.Bd3 e6 7.N1f3 Bd6 8.Qe2 h6
9.Ne4 Nxe4 10.Qxe4 Nf6 11.Qe2 Qb6 12.O-O O-O 13.c3 c5 14.dxc5 Qxc5 15.Be3 Qh5
16.Bd4 Nd5 17.g3 Ne7 18.Rad1 Nc6 19.Qe4 f5 20.Qe3 e5 21.Bxa7 Rxa7 22.Bc4+ Kh8
23.Rxd6 f4 24.Qc5 Re8 25.Nh4 Ra5 26.Qb6 Bh3 27.Re1 Ra4 28.b4 Ra3 29.Qxb7 Nd8
30.Qe4 g5 31.Ng6+ Kg7 32.Nxe5 Rxc3 33.Rg6+ Kh8 34.Nf7+  1-0

[Event "HUN-chT"]
[Site "HUN"]
[Date "1992.??.??"]
[Round "?"]
[White "Almasi, Zoltan"]
[Black "Dobos, Jozsef"]
[Result "1-0"]
[WhiteElo "2410"]
[BlackElo "2365"]

1.e4 c5 2.Nf3 d6 3.d4 cxd4 4.Nxd4 Nf6 5.Nc3 a6 6.f4 Qc7 7.Bd3 Bg4 8.Nf3 Nc6
9.h3 Bxf3 10.Qxf3 g6 11.Be3 Bg7 12.Qf2 e6 13.O-O O-O 14.Rae1 Nd7 15.f5 Nce5
16.Rd1 Rac8 17.Be2 b5 18.a3 Rfe8 19.Bxb5 axb5 20.Nxb5 Qxc2 21.Nxd6 Qb3 22.Nxe8 Rxe8
23.fxg6 f6 24.gxh7+ Kh8 25.Bd4 Rc8 26.Bc3 Qb7 27.Qh4 Qb5 28.Kh1 Qe2 29.Rfe1 Qa6
30.Rd2 Ng6 31.Qg3 Nde5 32.h4 Bh6 33.Rf2 Qd3 34.Qxd3 Nxd3 35.Rxf6 Bg7 36.Rxg6 Bxc3
37.Rg8+ Kxh7 38.Rxc8 Bxe1 39.b4 Bxh4 40.b5 Nf2+ 41.Kh2  1-0

[Event "HUN-chT"]
[Site "HUN"]
[Date "1992.??.??"]
[Round "?"]
[White "Almasi, Zoltan"]
[Black "Havasi, Janos"]
[Result "0-1"]
[WhiteElo "2410"]
[BlackElo "2235"]

1.e4 e6 2.d4 d5 3.Nc3 Nf6 4.Bg5 Be7 5.e5 Nfd7 6.Bxe7 Qxe7 7.f4 a6 8.Nf3 c5
9.dxc5 Nc6 10.Qd2 Qxc5 11.O-O-O Nb6 12.Bd3 Bd7 13.a3 Na7 14.Rhe1 h6 15.g4 O-O-O
16.Kb1 Kb8 17.Bf1 Rc8 18.Nd4 Rc7 19.f5 Rhc8 20.Re3 Qe7 21.Na2 Nc4 22.Bxc4 Rxc4
23.Nc1 Nc6 24.Nce2 Qg5 25.b3 Rc5 26.Nxc6+ R5xc6 27.Nd4 R6c7 28.Rg3 Qh4 29.Kb2 exf5
30.gxf5 Bxf5 31.Nxf5 Rxc2+ 32.Qxc2 Rxc2+ 33.Kxc2 Qe4+ 34.Kb2 Qxf5 35.Rxd5 g5
36.Kc3 Qf2 37.Rgd3 Qxh2 38.Rd8+ Ka7 39.Rc8 Qh1 40.Rcd8 Qa1+  0-1

[Event "HUN-chT"]
[Site "HUN"]
[Date "1992.??.??"]
[Round "?"]
[White "Almasi, Zoltan"]
[Black "Juhasz, Jozsef"]
[Result "1/2-1/2"]
[WhiteElo "2410"]
[BlackElo "2235"]

1.e4 c5 2.Nf3 d6 3.d4 cxd4 4.Nxd4 Nf6 5.Nc3 a6 6.f4 e5 7.Nf3 Nbd7 8.a4 Be7
9.Bd3 O-O 10.O-O Nc5 11.Qe1 exf4 12.Bxf4 Be6 13.Kh1 Rc8 14.Bg5 d5 15.e5 Nxd3
16.cxd3 Nd7 17.Qg3 Bxg5 18.Nxg5 Qb6 19.Rf2 Qd4 20.Re1 h6 21.Rf4 Qb6 22.Nxe6 fxe6
23.Rg4 Rf7 24.h4 Rcf8 25.Kh2 Qf2 26.Re2 Qxg3+ 27.Kxg3 Rf5 28.d4 h5 29.Rg5 Rxg5+
30.hxg5 Rf5 31.Rc2 Rxg5+ 32.Kf3 Rf5+ 33.Ke3 Nb6 34.b3 Rg5 35.Kf3 Rf5+ 36.Ke3 Rg5
37.Kf3 Rf5+ 38.Ke3 Rg5  1/2-1/2

[Event "HUN-chT"]
[Site "HUN"]
[Date "1992.??.??"]
[Round "?"]
[White "Almasi, Zoltan"]
[Black "Abel, Lajos"]
[Result "1-0"]
[WhiteElo "2410"]
[BlackElo "2430"]

1.e4 c5 2.Nf3 d6 3.d4 cxd4 4.Nxd4 Nf6 5.Nc3 g6 6.Be3 Bg7 7.f3 Nc6 8.Bc4 O-O
9.Qd2 Bd7 10.h4 Ne5 11.Bb3 h5 12.O-O-O Rc8 13.Bg5 Rc5 14.g4 hxg4 15.f4 Nc6
16.e5 Nxd4 17.Qxd4 Bf5 18.Bxf6 exf6 19.exd6 b6 20.Rhe1 Bd7 21.Nd5 f5 22.Ne7+ Kh7
23.Qf2 Bf6 24.h5 g5 25.Kb1 Kh6 26.Bd5 gxf4 27.Qxf4+ Bg5 28.Nxf5+ Bxf5 29.Qxf5 Qxd6
30.Re5 Qf6 31.Qe4 Qf4 32.Qe2 g3 33.Rf1 Qd2 34.Qe4 g2 35.Re6+ Kg7 36.Rxf7+ Rxf7
37.Rg6+ Kf8 38.Rg8+ Kxg8 39.Qe8+ Kg7 40.Qxf7+  1-0

[Event "HUN-chT"]
[Site "HUN"]
[Date "1992.??.??"]
[Round "?"]
[White "Kovacs, Laszlo M"]
[Black "Almasi, Zoltan"]
[Result "1-0"]
[WhiteElo "2350"]
[BlackElo "2410"]

1.e4 e5 2.Bc4 Nc6 3.Nf3 Bc5 4.c3 Nf6 5.Qe2 d6 6.a4 a6 7.d3 h6 8.Be3 O-O 9.Nbd2 Re8
10.O-O Ba7 11.Bxa7 Rxa7 12.Rfe1 Bg4 13.h3 Bd7 14.d4 exd4 15.Nxd4 d5 16.Bd3 Nxd4
17.cxd4 dxe4 18.Nxe4 Nd5 19.Qf3 Bc6 20.Bc4 Ra8 21.Nc3 Nf6 22.d5 Bd7 23.Red1 Rc8
24.Bb3 Qe7 25.Rd4 Qd6 26.Rad1 Re5 27.Ne4 Nxe4 28.Rxe4 Rxe4 29.Qxe4 Re8 30.Qd3 Re5
31.Qc3 Re2 32.Re1 Rxe1+ 33.Qxe1 Qc5 34.Qd2 Kf8 35.a5 f6 36.h4 Be8 37.Bd1 Qd6
38.Bf3 g5 39.Qd4 b6 40.b4 bxa5 41.bxa5 c5 42.Qe4 Qe7 43.hxg5 hxg5 44.Qe2 Bb5
45.Qd2 Ke8 46.g3 Kd7 47.Bg4+ Kc7 48.Be6 Kb7 49.Qc3 Kc7 50.g4 Kb7 51.Qf3 Kc7
52.Qg3+ Qd6 53.Qc3 Qe7 54.Kg2 Kb7 55.Qg3 Qd8 56.Qf3 Kc7 57.Qc3  1-0

[Event "HUN-chT"]
[Site "HUN"]
[Date "1992.??.??"]
[Round "?"]
[White "Rigo, Janos"]
[Black "Almasi, Zoltan"]
[Result "0-1"]
[WhiteElo "2385"]
[BlackElo "2410"]

1.e4 e5 2.Nf3 Nc6 3.Bb5 a6 4.Ba4 Nf6 5.O-O Be7 6.Re1 b5 7.Bb3 d6 8.c3 O-O
9.d4 Bg4 10.a4 Bxf3 11.Qxf3 exd4 12.axb5 axb5 13.Rxa8 Qxa8 14.Qd3 dxc3 15.Nxc3 Ne5
16.Qe2 c6 17.f4 Ng6 18.e5 dxe5 19.fxe5 Bc5+ 20.Be3 Bxe3+ 21.Qxe3 Ng4 22.Qd4 N4xe5
23.Rxe5 Nxe5 24.Qxe5 Qa1+ 25.Nd1 Qc1 26.h3 c5 27.Qe4 c4 28.Bc2 g6 29.Kh2 Qd2
30.Ne3 Qd6+ 31.Kg1 f5 32.Qf3 Qd4 33.b3 Re8 34.Qd5+ Qxd5 35.Nxd5 Re2 36.Nb4 Kg7
37.bxc4 bxc4 38.Ba4 c3 39.Nc2 Kf6 40.Bb3 Ke5 41.Kf1 Rd2 42.Nb4 Kf4 43.Nc2 Kg3
44.Ne1 h5 45.Ba4 g5 46.Bc2 g4 47.hxg4 hxg4 48.Bd3 f4 49.Bc2 f3 50.gxf3 gxf3  0-1

[Event "HUN-chT"]
[Site "HUN"]
[Date "1992.??.??"]
[Round "6"]
[White "Almasi, Zoltan"]
[Black "Nogradi, Vilmos"]
[Result "1-0"]
[WhiteElo "2410"]
[BlackElo "2250"]

1.e4 c6 2.d4 d5 3.Nc3 dxe4 4.Nxe4 Nd7 5.Ng5 Ngf6 6.Bd3 g6 7.h4 Nb6 8.c3 h6
9.N5f3 Qc7 10.Ne2 Nbd5 11.a3 Ng4 12.c4 Ndf6 13.Bf4 Qb6 14.Qc2 Be6 15.Ne5 O-O-O
16.Nxg4 Nxg4 17.f3 Nf6 18.O-O-O Nh5 19.Bh2 c5 20.g4 Nf6 21.dxc5 Qxc5 22.Bg1 Qa5
23.Nd4 Bd7 24.Nb5 e5 25.Bh2 a6 26.Bxe5 axb5 27.cxb5+ Bc6 28.Bxf6  1-0

[Event "EU-ch U16"]
[Site "Rimavska Sobota"]
[Date "1992.??.??"]
[Round "?"]
[White "Almasi, Zoltan"]
[Black "Pcola, Pavel"]
[Result "1-0"]
[WhiteElo "2470"]
[BlackElo "2275"]

1.e4 e6 2.d4 d5 3.Nc3 Nf6 4.Bg5 Be7 5.e5 Nfd7 6.Bxe7 Qxe7 7.f4 O-O 8.Nf3 c5
9.Qd2 Nc6 10.dxc5 Qxc5 11.O-O-O a6 12.Bd3 Rd8 13.Rhe1 b5 14.Ne2 Nb6 15.Ned4 Nxd4
16.Nxd4 g6 17.Nb3 Qf8 18.g4 a5 19.f5 a4 20.Nd4 b4 21.fxg6 hxg6 22.Rf1 b3
23.cxb3 axb3 24.Nxb3 Qg7 25.Qg5 Bd7 26.Kb1 Ba4 27.Rf6 Nd7 28.h4 Bxb3 29.axb3 d4
30.Be4 Rab8 31.Rdf1 Nxf6 32.exf6 Qf8 33.Bxg6 fxg6 34.Qxg6+ Kh8 35.Qh5+ Kg8
36.f7+ Kg7 37.Qg5+ Kh7 38.Rf6 Rd5 39.Qg6+ Kh8 40.Rxe6  1-0

[Event "Zalakaros op"]
[Site "Zalakaros"]
[Date "1992.??.??"]
[Round "1"]
[White "Lendvai, Noemi"]
[Black "Almasi, Zoltan"]
[Result "0-1"]
[WhiteElo "2175"]
[BlackElo "2390"]

1.e4 c5 2.Nf3 e6 3.d4 cxd4 4.Nxd4 a6 5.Bd3 Qc7 6.O-O Nf6 7.Qe2 Nc6 8.Nxc6 dxc6
9.e5 Nd7 10.Bf4 f5 11.a4 Nb6 12.Bg3 Nd5 13.Kh1 Be7 14.f4 O-O 15.Nd2 b6 16.Bc4 c5
17.Nf3 Bb7 18.Rfd1 Qc6 19.Rd2 Rfd8 20.c3 Nc7 21.Bb3 Rxd2 22.Nxd2 b5 23.Nf3 c4
24.Bc2 Nd5 25.Nd4 Qd7 26.Qf2 b4 27.cxb4 Nxb4 28.Rd1 Rd8 29.Nf3 Nd3 30.Qe2 Be4
31.Ne1 Bb4 32.Nf3 h6 33.Bh4 Rc8 34.Bg3 Qa7 35.b3 Nb2 36.Rb1 c3 37.Ne1 Qd4
38.Qxa6 Rc6 39.Qe2 Qd2  0-1

[Event "Zalakaros op rap"]
[Site "Zalakaros"]
[Date "1992.??.??"]
[Round "3"]
[White "Farago, Ivan"]
[Black "Almasi, Zoltan"]
[Result "1/2-1/2"]
[WhiteElo "2510"]
[BlackElo "2470"]

1.d4 Nf6 2.c4 g6 3.Nc3 Bg7 4.e4 d6 5.Be2 O-O 6.Bg5 h6 7.Be3 c5 8.e5 Nfd7
9.exd6 exd6 10.Nf3 Nc6 11.Qd2 Kh7 12.dxc5 dxc5 13.O-O Qa5 14.Rfd1 Nde5 15.Nxe5 Nxe5
16.Qd5 Be6 17.Qxc5 Qxc5 18.Bxc5 Rfc8 19.Bd4 Nxc4 20.Bxg7 Kxg7 21.Bxc4 Rxc4
22.Rd2 a6 23.f3 Rac8 24.Kf2 b5 25.a3 Rb8 26.Nd1 a5 27.Ne3 Ra4 28.Rc1 b4 29.Rd4 Bb3
30.axb4 Raxb4 31.Rxb4 Rxb4 32.Rc3 a4 33.Rd3 Be6 34.Rd2 Rb3  1/2-1/2

[Event "Zalakaros op rap"]
[Site "Zalakaros"]
[Date "1992.??.??"]
[Round "4"]
[White "Almasi, Zoltan"]
[Black "Abel, Lajos"]
[Result "1-0"]
[WhiteElo "2470"]
[BlackElo "2425"]

1.e4 c5 2.Nf3 Nc6 3.d4 cxd4 4.Nxd4 Qc7 5.Nc3 e6 6.g3 a6 7.Bg2 Nf6 8.O-O h5
9.h3 Nxd4 10.Qxd4 Bc5 11.Bf4 Bxd4 12.Bxc7 O-O 13.Bd6 Re8 14.e5 Bxc3 15.bxc3 Nd5
16.c4 Ne7 17.Rab1 Nc6 18.c5 g6 19.c3 Kg7 20.f4 b5 21.cxb6 Bb7 22.Rfd1 f6
23.Bc7 Re7 24.Bxc6 dxc6 25.exf6+ Kxf6 26.Bd8 Rxd8 27.Rxd8 c5 28.Rbd1 Bd5
29.c4 Bxc4 30.R1d7  1-0

[Event "Zalakaros op"]
[Site "Zalakaros"]
[Date "1992.??.??"]
[Round "4"]
[White "Almasi, Zoltan"]
[Black "Szalanczy, Emil"]
[Result "1/2-1/2"]
[WhiteElo "2390"]
[BlackElo "2420"]

1.e4 c5 2.Nf3 d6 3.d4 cxd4 4.Nxd4 Nf6 5.Nc3 g6 6.Be3 Bg7 7.f3 Nc6 8.Qd2 O-O
9.Bc4 Bd7 10.h4 Rc8 11.Bb3 Ne5 12.O-O-O Nc4 13.Bxc4 Rxc4 14.h5 Nxh5 15.g4 Nf6
16.Bh6 Nxe4 17.Qe3 Rxc3 18.bxc3 Nf6 19.Bxg7 Kxg7 20.Rh2 Rh8 21.c4 b6 22.Ne2 Kg8
23.g5 Ne8 24.Ng3 Ng7 25.Re2 Be6 26.c5 bxc5 27.Qxc5 Qb6 28.Qxb6 axb6 29.a4 h5
30.gxh6 Rxh6 31.Rd4 Rh3 32.Rg2 Bd7 33.f4 Rh4 34.Ne2 Ne6 35.Rb4 Nc5 36.Nc3 Kg7
37.Rxb6 Rh3 38.Ne2 Nxa4 39.Rb3 Rh1+ 40.Rg1 Rh2 41.Re3 Kf6 42.Ng3 Nc5 43.Rf1 Rg2
44.Rfe1 Bg4 45.Ne4+ Nxe4 46.Rxe4 Be6 47.Rb4 Rf2 48.Rd1 Bf5 49.Rd2 Rf1+ 50.Rd1 Rf3
51.Rdd4 Rg3 52.Rd3 Rg2 53.Rd2 Rg4 54.Rdd4 Be6 55.c4 Rg1+ 56.Kd2 Rg2+ 57.Kc3 Rg1
58.Kd2 Rf1 59.Rb7 Rf3 60.Rc7 Rf2+ 61.Ke3 Rc2 62.Kd3 Bf5+ 63.Ke3 Rc3+ 64.Kd2 Rg3
65.Ke2 g5 66.fxg5+ Rxg5 67.Kf2 Be6 68.Rf4+ Bf5 69.Rd4 Bg6 70.Rf4+ Ke6 71.Ke3 Ra5
72.Rf1 Ra3+ 73.Kf4 Ra5 74.Re1+ Re5 75.Rxe5+ dxe5+ 76.Ke3 Kd6 77.Ra7 e6 78.Ra6+ Kc5
79.Ra5+ Kxc4 80.Rxe5  1/2-1/2

[Event "Zalakaros op"]
[Site "Zalakaros"]
[Date "1992.??.??"]
[Round "6"]
[White "Tompa, Janos"]
[Black "Almasi, Zoltan"]
[Result "0-1"]
[WhiteElo "2415"]
[BlackElo "2390"]

1.g3 d5 2.Bg2 Nf6 3.c4 dxc4 4.Qa4+ c6 5.Qxc4 Bf5 6.d3 Nbd7 7.Nf3 h6 8.O-O e6
9.b3 Be7 10.Bb2 O-O 11.Nbd2 Bh7 12.e4 Rc8 13.Rfe1 b5 14.Qc2 Qb6 15.Rac1 c5
16.Qb1 Qb8 17.Qa1 Rfd8 18.Bf1 Ne8 19.a4 a6 20.axb5 axb5 21.Qa5 e5 22.Bh3 f6
23.b4 Rc7 24.bxc5 Nxc5 25.d4 Nd3 26.Rxc7 Nxc7 27.Rb1 Nxb2 28.Rxb2 exd4 29.Rc2 Ne8
30.Nxd4 Rxd4 31.Rc8 Qd6 32.Qxb5 Bg6 33.Rxe8+ Bf8 34.Nf3 Rb4 35.Be6+ Kh7 36.Qd7 Qxd7
37.Bxd7 Bxe8 38.Bxe8 Rxe4 39.Bc6 Re2 40.Bb5 Rb2 41.Bd3+ g6 42.Kf1 Bc5 43.Be2 h5
44.h3 Kh6 45.g4 Ba7 46.gxh5 Kxh5 47.Ng1+ Kg5 48.Kg2 f5 49.Kf3 Bb6 50.Kg2 Kf4
51.h4 Bd8 52.h5 g5 53.Nh3+ Ke5 54.f4+ Ke4 55.Kf1 Rb1+ 56.Kg2 g4 57.Ng5+ Ke3
58.Bc4 Rb4  0-1

[Event "Zalakaros op"]
[Site "Zalakaros"]
[Date "1992.??.??"]
[Round "8"]
[White "Sjoberg, Mats"]
[Black "Almasi, Zoltan"]
[Result "1-0"]
[WhiteElo "2380"]
[BlackElo "2390"]

1.d4 Nf6 2.c4 e6 3.Nf3 b6 4.g3 Ba6 5.b3 Bb4+ 6.Bd2 Be7 7.Bg2 c6 8.Bc3 d5
9.Nbd2 Nbd7 10.O-O O-O 11.Re1 Rc8 12.e4 Nxe4 13.Nxe4 dxe4 14.Rxe4 Bb7 15.Ne5 c5
16.Nxd7 Qxd7 17.d5 exd5 18.cxd5 Rcd8 19.Qh5 Qd6 20.Bxg7 Kxg7 21.Rae1 Bxd5
22.Rxe7 Bxg2 23.Kxg2 Qd5+ 24.Qxd5 Rxd5 25.Rxa7 Rfd8 26.Ree7 Rf5 27.Rad7 Ra8
28.Re2 Rf6 29.f4 Rc8 30.Kf3 Rcc6 31.g4 Rcd6 32.Rxd6 Rxd6 33.g5 h6 34.h4 hxg5
35.hxg5 Rd4 36.Kg4 c4 37.bxc4 Rxc4 38.Rb2 Ra4 39.Kf5 Ra5+ 40.Ke4 Ra4+ 41.Ke5 Ra5+
42.Kd6 Ra4 43.f5 Ra5 44.Rf2 Rc5 45.Ke7 Rc7+ 46.Kd8 Ra7 47.Kc8 b5 48.Kb8 Ra5
49.Kb7 b4 50.Kb6 Re5 51.Rb2 Rxf5 52.Rxb4 Rxg5 53.a4 Re5 54.Rc4 Re1 55.Rc5 Rb1+
56.Rb5 Re1 57.Rc5 Rb1+ 58.Kc6 Kg6 59.a5 Re1 60.Kb6 Rb1+ 61.Rb5 Re1 62.a6 Re6+
63.Ka5 Re7 64.Rc5 f5 65.Kb6 Kg5 66.a7 Re8 67.Ra5 Kf4 68.a8=Q Rxa8 69.Rxa8 Ke3
70.Ra3+ Kd4 71.Kb5 f4 72.Kb4 Ke4 73.Kc3 Ke3 74.Kc2+ Ke2 75.Ra8 f3 76.Re8+ Kf1
77.Kd2  1-0

[Event "Zalakaros op"]
[Site "Zalakaros"]
[Date "1992.??.??"]
[Round "9"]
[White "Almasi, Zoltan"]
[Black "Anka, Emil"]
[Result "1/2-1/2"]
[WhiteElo "2390"]
[BlackElo "2330"]

1.e4 c5 2.Nf3 d6 3.d4 cxd4 4.Qxd4 Nc6 5.Bb5 Bd7 6.Bxc6 Bxc6 7.c4 Nf6 8.Nc3 g6
9.O-O Bg7 10.Qd3 O-O 11.Nd4 Nd7 12.b3 Re8 13.Bb2 Nc5 14.Qe3 Qb6 15.Rfd1 a5
16.Rab1 a4 17.Nd5 Bxd5 18.exd5 axb3 19.axb3 Ra2 20.Bc3 e5 21.Nb5 Qd8 22.Bb4 b6
23.Ra1 Rxa1 24.Rxa1 f5 25.Bxc5 bxc5 26.Ra6 Bf8 27.g3 e4 28.Rc6 Re5 29.Nc7 Qd7
30.Qf4 h6 31.h4 Kg7 32.Nb5 Qd8 33.Rc7+ Re7 34.Rxe7+ Qxe7 35.h5 Qg5 36.hxg6 Kxg6
37.Qe3 Qxe3 38.fxe3 Kh5 39.Kg2 Kg4 40.Nc3 Bg7 41.Nd1 Be5 42.Nf2+ Kg5 43.Nh3+ Kh5
44.Nf2 Bc3 45.Kf1 Ba5 46.Ke2 Bb4 47.Kf1 Bc3 48.Nd1 Bd2 49.Ke2 Bb4 50.Nf2 Kg5
51.Kf1 Bc3 52.Nd1 Bd2 53.Ke2 Bc1 54.Nf2 Bb2 55.Kf1 h5 56.Nd1 Be5 57.Kg2 h4
58.gxh4+ Kxh4 59.Nf2 Bc3 60.Nd1 Bd2 61.Kf2 Ba5 62.Ke2 Kg3 63.Nf2 Bc3 64.Nd1 Be5
65.Nf2 Kh4 66.Nd1 Kg5 67.Nf2 Kf6 68.Nd1 f4 69.exf4 Bxf4 70.Nc3 Ke5 71.Nb5 Bg5
72.Kf2 Be7 73.Ke3 Bf8 74.Na7 Bh6+ 75.Ke2 Kd4 76.Nb5+ Ke5 77.Na7 Kd4 78.Nb5+ Ke5  1/2-1/2

[Event "Mephisto-GM-Turnier"]
[Site "Altensteig"]
[Date "1993.??.??"]
[Round "1"]
[White "Almasi, Zoltan"]
[Black "Hansen, Lars Bo"]
[Result "1/2-1/2"]
[WhiteElo "2580"]
[BlackElo "2560"]

1.e4 c6 2.d4 d5 3.Nc3 dxe4 4.Nxe4 Bf5 5.Ng3 Bg6 6.h4 h6 7.Nf3 Nd7 8.h5 Bh7
9.Bd3 Bxd3 10.Qxd3 e6 11.Bf4 Ngf6 12.O-O-O Be7 13.Ne5 O-O 14.c4 c5 15.d5 Bd6
16.Ng6 Bxf4+ 17.Nxf4 Qc7 18.Rh4 Rad8 19.dxe6 Ne5 20.Qe2 Rxd1+ 21.Kxd1 fxe6
22.Kc1 Qd6 23.a3 Rf7 24.Kb1 Nc6 25.Ng6 Nd4 26.Qe5 Qxe5 27.Nxe5 Rf8 28.f3  1/2-1/2

[Event "Mephisto-GM-Turnier"]
[Site "Altensteig"]
[Date "1993.??.??"]
[Round "3"]
[White "Almasi, Zoltan"]
[Black "Gabriel, Christian"]
[Result "1/2-1/2"]
[WhiteElo "2580"]
[BlackElo "2510"]

1.e4 e5 2.Nf3 Nc6 3.Bb5 a6 4.Ba4 Nf6 5.O-O Be7 6.Re1 b5 7.Bb3 d6 8.c3 O-O
9.h3 Na5 10.Bc2 c5 11.d4 Bb7 12.d5 Nc4 13.b3 Nb6 14.a4 Bc8 15.Be3 Ne8 16.Na3 Bd7
17.axb5 axb5 18.b4 Qc7 19.bxc5 dxc5 20.Qe2 Rb8 21.Nxb5 Bxb5 22.Qxb5 Nxd5
23.Qc4 Nxe3 24.Rxe3 Bf6 25.Ra6 Rb2 26.Ba4 Nd6 27.Qd5 Nb7 28.Qc6 Qd8 29.Ra7 Rb6
30.Rxb7 Rxc6 31.Bxc6 Qd1+ 32.Kh2 Qf1 33.Rb2 g6  1/2-1/2